BSI announces new Kitemark to help reassure public over benefits of Green Deal (Record no. 84126)

MARC details
000 -LEADER
fixed length control field 01129cab a22001935a 4500
001 - CONTROL NUMBER
control field L156721
008 - FIXED-LENGTH DATA ELEMENTS--GENERAL INFORMATION
fixed length control field 120628e2012 xxk 000 0 eng d
035 ## - SYSTEM CONTROL NUMBER
System control number (Sirsi) u156721
041 0# - LANGUAGE CODE
Language code of text/sound track or separate title eng
110 ## - MAIN ENTRY--CORPORATE NAME
Corporate name or jurisdiction name as entry element British Standards Institution
9 (RLIN) 130
245 00 - TITLE STATEMENT
Title BSI announces new Kitemark to help reassure public over benefits of Green Deal
Medium [electronic resource]
260 ## - PUBLICATION, DISTRIBUTION, ETC.
Place of publication, distribution, etc. London
Name of publisher, distributor, etc. BSI
Date of publication, distribution, etc. 2012
520 ## - SUMMARY, ETC.
Summary, etc. New BSI Kitemark for energy efficient buildings is intended to enhance consumer understanding of the Green Deal initiative and give homeowners the confidence to take part in the scheme. A BSI commissioned survey of over 1 200 homeowners across the UK conducted in June 2012 found that only 20% will participate in the Green Deal, with 83% of them not knowing enough about the initiative to commit.
590 ## - LOCAL NOTE (RLIN)
Local note KA NTK
690 ## - LOCAL SUBJECT ADDED ENTRY--TOPICAL TERM (OCLC, RLIN)
Topical term or geographic name as entry element Sustainability
9 (RLIN) 6271
690 ## - LOCAL SUBJECT ADDED ENTRY--TOPICAL TERM (OCLC, RLIN)
Topical term or geographic name as entry element Environment
9 (RLIN) 6238
856 40 - ELECTRONIC LOCATION AND ACCESS
Uniform Resource Identifier <a href="https://www.bsigroup.com/en/about-bsi/News-Room/BSI-News-Content/General/BSI-ANNOUNCES-NEW-KITEMARK-TO-HELP-REASSURE-PUBLIC-OVER-BENEFITS-OF-GREEN-DEAL-/">https://www.bsigroup.com/en/about-bsi/News-Room/BSI-News-Content/General/BSI-ANNOUNCES-NEW-KITEMARK-TO-HELP-REASSURE-PUBLIC-OVER-BENEFITS-OF-GREEN-DEAL-/</a>
Public note View the item free of charge at www.bsigroup.com
942 ## - ADDED ENTRY ELEMENTS (KOHA)
Suppress in OPAC 0
Holdings
Withdrawn status Lost status Source of classification or shelving scheme Damaged status Not for loan Home library Current library Shelving location Date acquired Total Checkouts Full call number Barcode Date last seen Copy number Price effective from Koha item type
    Dewey Decimal Classification     Virtual Virtual Online 28/06/2012   ONLINE PUBLICATION 156721-2001 06/08/2019 1 06/08/2019 Archive